000 00669nam a2200229Ia 4500
005 20260320201752.0
008 008 262003s9999 xx 000 0 eng d
037 _aEBOOK
040 _aCRL
040 _beng
040 _cCRL
041 _2eng
041 _aeng
084 _qCRL
100 _aTrabelsi
_91135875
245 2 _aA Developer's Guide to Cloud Apps Using Microsoft Azure: Migrate and modernize your cloud-native applications with containers on Azure using real-world case studies
260 _bIEEE
856 _uhttps://ieeexplore.ieee.org/servlet/opac?bknumber=10162695
942 _cEBOOK
999 _c1723440
_d1723440